[Event "20th Prague Open 2022"]
[Site "Prague"]
[Date "2022.01.12"]
[Round "7.19"]
[White "Fus, Jakub"]
[Black "Zysko, Jan"]
[Result "1-0"]
[WhiteElo "2384"]
[BlackElo "2092"]
[Annotator "RC"]
[PlyCount "91"]
[EventDate "2022.01.07"]
[EventType "swiss"]
[EventCountry "CZE"]
[SourceTitle "playchess.com"]
[Source "ChessBase"]
[SourceQuality "1"]
[TimeControl "40/5400+30:1800+30"]

1. Nf3 {[%emt 0:00:02]} d5 {[%emt 0:02:34]} 2. g3 {[%emt 0:00:31]} g6 {[%emt 0:01:37]} 3. Bg2 {[%emt 0:00:47]} Bg7 {[%emt 0:00:08]} 4. d4 {[%emt 0:01:24]} Nf6 {[%emt 0:01:16]} 5. O-O {[%emt 0:02:09]} O-O {[%emt 0:00:28]} 6. c3 {[%emt 0:00:15]} c6 {[%emt 0:01:59]} 7. Nbd2 {[%emt 0:01:31]} Nbd7 {[%emt 0:03:33]} 8. Re1 {[%emt 0:03:58]} Re8 {[%emt 0:05:56]} 9. e4 {[%emt 0:03:09]} Nxe4 {[%emt 0:02:01]} 10. Nxe4 {[%emt 0:00:17]} dxe4 {[%emt 0:00:07]} 11. Rxe4 {[%emt 0:01:25]} Nf6 {[%emt 0:12:08]} 12. Re1 {[%emt 0:00:15]} Bf5 {[%emt 0:01:56]} 13. Ne5 {[%emt 0:07:13]} Nd7 {[%emt 0:05:14]} 14. Bf4 {[%emt 0:05:04]} Nxe5 {[%emt 0:01:56]} 15. Bxe5 {[%emt 0:00:21]} Qd7 {[%emt 0:01:01]} 16. Bxg7 {[%emt 0:00:48]} Kxg7 {[%emt 0:00:10]} 17. Re3 {[%emt 0:04:43]} Bg4 {[%emt 0:03:22]} 18. Qa4 {[%emt 0:01:51]} Bh3 {[%emt 0:02:57]} 19. Bh1 {[%emt 0:09:39]} Be6 {[%emt 0:07:20]} 20. Rae1 {[%emt 0:01:20]} Qd6 {[%emt 0:00:35]} 21. Re5 {[%emt 0:05:22]} Bd5 {[%emt 0:04:54]} 22. R1e2 {[%emt 0:01:09]} Bxh1 {[%emt 0:02:53]} 23. Kxh1 {[%emt 0:00:05]} e6 {[%emt 0:00:25]} 24. Qc4 {[%emt 0:03:15]} Red8 {[%emt 0:02:10]} 25. h4 {[%emt 0:00:54]} h5 {[%emt 0:01:18]} 26. a4 {[%emt 0:02:26]} b6 {[%emt 0:04:25]} 27. a5 {[%emt 0:02:44]} Rac8 {[%emt 0:03:31]} 28. b4 {[%emt 0:03:30]} c5 {[%emt 0:04:55]} 29. dxc5 {[%emt 0:00:57]} Qc6+ {[%emt 0:03:34]} 30. R2e4 {[%emt 0:14:56]} bxa5 {[%emt 0:00:11]} 31. b5 {[%emt 0:01:07]} Qc7 {[%emt 0:00:33]} 32. Qe2 {[%emt 0:02:04]} Rd5 {[%emt 0:02:01]} 33. c6 {[%emt 0:02:05]} Rxe5 {[%emt 0:02:23]} 34. Rxe5 {[%emt 0:00:14]} a4 {[%emt 0:03:40]} 35. c4 {[%emt 0:06:40]} Rd8 {[%emt 0:01:23]} 36. Re3 {[%emt 0:00:18]} Qa5 {[%emt 0:02:37]} 37. Qb2+ {[%emt 0:00:04]} Kg8 {[%emt 0:01:35]} 38. Qc3 {[%emt 0:00:07]} Qb6 {[%emt 0:01:16]} 39. Qb4 {[%emt 0:00:51]} Rd1+ {[%emt 0:00:12]} 40. Kg2 {[%emt 0:00:06]} Qd4 {[%emt 0:00:34]} 41. c7 {[%emt 0:33:39]} Qd7 {[%emt 0:31:15]} 42. Qxa4 {[%emt 0:00:14]} Rd4 {[%emt 0:00:29]} 43. Qxa7 {[%emt 0:00:09]} Rxc4 {[%emt 0:00:04]} 44. Qa8+ {[%emt 0:00:40]} Kh7 {[%emt 0:00:03]} 45. b6 {[%emt 0:00:12]} Rc1 {[%emt 0:00:33]} 46. b7 {[%emt 0:11:15]} 1-0

[Event "20th Prague Open 2022"]
[Site "Prague"]
[Date "2022.01.12"]
[Round "7.20"]
[White "Macicek, Jakub"]
[Black "Skou, Niels"]
[Result "1-0"]
[WhiteElo "2250"]
[BlackElo "2061"]
[Annotator "TA"]
[PlyCount "65"]
[EventDate "2022.01.07"]
[EventType "swiss"]
[EventCountry "CZE"]
[SourceTitle "playchess.com"]
[Source "ChessBase"]
[SourceQuality "1"]

{[%evp 17,65,22,23,19,26,18,24,28,33,21,23,10,22,19,76,89,79,85,71,75,95,105,157,154,157,173,156,152,219,208,231,215,341,286,278,183,269,266,270,256,347,351,359,265,1201,1179,29991,29992,29992,29993]} 1. d4 d5 2. c4 e6 3. Nc3 Nf6 4. cxd5 exd5 5. Bg5 Nbd7 6. e3 c6 7. Bd3 Be7 8. Qc2 h6 {8...Nh5 is a critical line.} 9. Bh4 Nh5 10. Bxe7 {D36: Queen's Gambit Declined: Exchange Variation: Main line (5 Bg5 c6 6 Qc2).} Qxe7 11. O-O-O Nb6 12. Kb1 {White has an edge.} Nf6 13. Rc1 {[%cal Bd1c1,Bc1c3,Bc3a3,Ba3c3,Bc3c5][%mdl 32]} Be6 14. Nf3 (14. f4 {seems wilder.} O-O 15. Nf3 c5 16. Ne5 c4 17. Be2) 14... O-O-O 15. Na4 Nxa4 (15... Kb8 $11 {keeps the balance.}) 16. Qxa4 $16 {White now steadily converts the win.} Kb8 {[#]} 17. Rc3 $1 {[#]} Rc8 $146 ({Predecessor:} 17... Nd7 18. Ra3 Kc7 19. Qa5+ Nb6 20. Rc1 Rb8 21. Bb5 Rhc8 22. Qxa7 Bd7 23. Ba6 Qb4 {1-0 (30) Checa,N (2552)-Nihal,S (2620) Chess.com INT 2021}) 18. Rhc1 Rc7 19. Ne5 {Strongly threatening Ra3.} Rhc8 {[#]} (19... Bd7 $142) 20. Ra3 $1 {[%csl Ga3][%cal Ra4a7]} b5 21. Qa6 Bd7 22. Rac3 {White is much more active.} Qe8 (22... Qe6 $16 23. f3 Ng8) 23. a4 $18 {axb5 is the strong threat.} bxa4 24. Qxa4 {And now Ba6 would win.} (24. Nxd7+ $6 Qxd7 25. Qxa4 Ka8 $16) 24... Ne4 (24... c5 $142 25. Nxd7+ Qxd7) 25. Bxe4 dxe4 26. Rc5 ({But not} 26. Nxd7+ $6 Qxd7 27. Rc5 g6 $18) 26... f6 (26... Ka8 $142 27. Nxd7 Qxd7) 27. Nxd7+ Qxd7 28. d5 {[%cal Bd4d5,Bd5c6][%mdl 32]} f5 29. dxc6 {White threatens Qb5+ and mate.} Qd3+ 30. Ka2 g6 $2 (30... Qd6 31. Rb5+ Ka8) 31. Rd1 Qe2 32. Rd7 a6 33. Qa5 {Weighted Error Value: White=0.12 (very precise) /Black=0.58} 1-0

[Event "20th Prague Open 2022"]
[Site "Prague"]
[Date "2022.01.12"]
[Round "7.21"]
[White "Matras, Ondrej"]
[Black "Gajdos, Daniel"]
[Result "1-0"]
[WhiteElo "2223"]
[BlackElo "2076"]
[Annotator "RC"]
[PlyCount "121"]
[EventDate "2022.01.07"]
[EventType "swiss"]
[EventCountry "CZE"]
[SourceTitle "playchess.com"]
[Source "ChessBase"]
[SourceQuality "1"]
[TimeControl "40/5400+30:1800+30"]

1. d4 {[%emt 0:00:01]} Nf6 {[%emt 0:00:06]} 2. c4 {[%emt 0:00:01]} e6 {[%emt 0:00:07]} 3. Nc3 {[%emt 0:00:05]} d5 {[%emt 0:00:03]} 4. Nf3 {[%emt 0:00:06]} c5 {[%emt 0:00:04]} 5. e3 {[%emt 0:00:06]} Nc6 {[%emt 0:00:06]} 6. a3 {[%emt 0:00:13]} dxc4 {[%emt 0:00:08]} 7. Bxc4 {[%emt 0:00:07]} a6 {[%emt 0:00:03]} 8. O-O {[%emt 0:00:19]} b5 {[%emt 0:02:09]} 9. Ba2 {[%emt 0:00:51]} Be7 {[%emt 0:00:38]} 10. Qe2 {[%emt 0:00:37]} cxd4 {[%emt 0:00:22]} 11. Rd1 {[%emt 0:00:38]} O-O {[%emt 0:00:16]} 12. exd4 {[%emt 0:00:24]} Ra7 {[%emt 0:02:33]} 13. b4 {[%emt 0:24:00]} Rd7 {[%emt 0:04:37]} 14. Bb2 {[%emt 0:00:45]} Bb7 {[%emt 0:02:28]} 15. Rac1 {[%emt 0:02:31]} Qb6 {[%emt 0:05:56]} 16. d5 {[%emt 0:02:04]} exd5 {[%emt 0:03:08]} 17. Nxd5 {[%emt 0:00:20]} Nxd5 {[%emt 0:00:49]} 18. Rxd5 {[%emt 0:01:19]} Rfd8 {[%emt 0:09:42]} 19. Rf5 {[%emt 0:36:31]} Bf8 {[%emt 0:01:10]} 20. Rxf7 {[%emt 0:21:00]} Rxf7 {[%emt 0:02:03]} 21. Bxf7+ {[%emt 0:00:44]} Kxf7 {[%emt 0:06:35]} 22. Rxc6 {[%emt 0:00:07]} Qxc6 {[%emt 0:05:39]} 23. Ne5+ {[%emt 0:00:13]} Kg8 {[%emt 0:00:07]} 24. Nxc6 {[%emt 0:00:05]} Bxc6 {[%emt 0:00:12]} 25. h4 {[%emt 0:01:54]} Bd5 {[%emt 0:05:44]} 26. Qe5 {[%emt 0:01:02]} Bf7 {[%emt 0:02:18]} 27. Bd4 {[%emt 0:01:00]} Rd5 {[%emt 0:01:11]} 28. Qe3 {[%emt 0:00:32]} Bd6 {[%emt 0:02:23]} 29. g4 {[%emt 0:00:35]} h5 {[%emt 0:01:39]} 30. g5 {[%emt 0:04:08]} Rf5 {[%emt 0:21:26]} 31. g6 {[%emt 0:00:08]} Bc4 {[%emt 0:05:08]} 32. Qe8+ {[%emt 0:00:02]} Bf8 {[%emt 0:01:04]} 33. Bc5 {[%emt 0:00:21]} Rf6 {[%emt 0:00:30]} 34. Bxf8 {[%emt 0:02:15]} Rxf8 {[%emt 0:01:21]} 35. Qe5 {[%emt 0:00:02]} Rf6 {[%emt 0:05:04]} 36. Qxh5 {[%emt 0:00:10]} Be6 {[%emt 0:03:47]} 37. Qg5 {[%emt 0:00:29]} Bf5 {[%emt 0:02:46]} 38. h5 {[%emt 0:00:01]} Kf8 {[%emt 0:01:38]} 39. Kh2 {[%emt 0:01:12]} Kg8 {[%emt 0:00:42]} 40. Kg3 {[%emt 0:00:29]} Kf8 {[%emt 0:00:31]} 41. Qd2 {[%emt 0:31:23]} Bxg6 {[%emt 0:31:09]} 42. hxg6 {[%emt 0:00:14]} Rxg6+ {[%emt 0:00:10]} 43. Kf4 {[%emt 0:00:21]} Rf6+ {[%emt 0:00:16]} 44. Kg5 {[%emt 0:00:14]} Ke7 {[%emt 0:01:58]} 45. Qd4 {[%emt 0:01:08]} Kf7 {[%emt 0:01:25]} 46. Qd5+ {[%emt 0:00:00]} Kf8 {[%emt 0:00:00]} 47. Qd8+ {[%emt 0:00:00]} Kf7 {[%emt 0:00:00]} 48. Qd7+ {[%emt 0:00:00]} Kf8 {[%emt 0:00:00]} 49. f4 {[%emt 0:00:00]} Rh6 {[%emt 0:00:00]} 50. Qf5+ {[%emt 0:00:00]} Ke7 {[%emt 0:00:00]} 51. Qe5+ {[%emt 0:00:00]} Kf7 {[%emt 0:00:00]} 52. f5 {[%emt 0:00:00]} Kf8 {[%emt 0:00:00]} 53. Qb8+ {[%emt 0:00:00]} Kf7 {[%emt 0:00:00]} 54. Qc7+ {[%emt 0:00:00]} Kf8 {[%emt 0:00:00]} 55. Qd7 {[%emt 0:00:00]} Kg8 {[%emt 0:00:00]} 56. Qe7 {[%emt 0:00:00]} Kh7 {[%emt 0:00:00]} 57. f6 {[%emt 0:00:00]} Rxf6 {[%emt 0:00:00]} 58. Qxf6 {[%emt 0:00:00]} gxf6+ {[%emt 0:00:00]} 59. Kxf6 {[%emt 0:00:00]} Kg8 {[%emt 0:00:00]} 60. Ke7 {[%emt 0:00:00]} Kg7 {[%emt 0:00:00]} 61. Kd7 {[%emt 0:00:00]} 1-0

[Event "20th Prague Open 2022"]
[Site "Prague"]
[Date "2022.01.12"]
[Round "7.22"]
[White "Adamko, Peter"]
[Black "Michalczak, Thomas"]
[Result "0-1"]
[WhiteElo "2113"]
[BlackElo "2218"]
[Annotator "ChessBase"]
[PlyCount "138"]
[EventDate "2022.01.07"]
[EventType "swiss"]
[EventCountry "CZE"]
[SourceTitle "playchess.com"]
[Source "ChessBase"]
[SourceQuality "1"]
[TimeControl "40/5400+30:1800+30"]

1. e4 {[%emt 0:00:03]} e5 {[%emt 0:04:00]} 2. Nf3 {[%emt 0:00:22]} Nc6 {[%emt 0:00:13]} 3. Bc4 {[%emt 0:01:28]} Nf6 {[%emt 0:00:12]} 4. d3 {[%emt 0:00:17]} Bc5 {[%emt 0:00:11]} 5. Nc3 {[%emt 0:00:59]} d6 {[%emt 0:00:23]} 6. h3 {[%emt 0:02:40]} Be6 {[%emt 0:00:22]} 7. Bxe6 {[%emt 0:05:14]} fxe6 {[%emt 0:00:02]} 8. Na4 {[%emt 0:02:59]} Bb6 {[%emt 0:00:48]} 9. Nxb6 {[%emt 0:01:56]} axb6 {[%emt 0:00:09]} 10. c3 {[%emt 0:00:46]} O-O {[%emt 0:00:28]} 11. O-O {[%emt 0:02:32]} Qe8 {[%emt 0:00:19]} 12. Nh2 {[%emt 0:08:14]} Nh5 {[%emt 0:01:25]} 13. g3 {[%emt 0:00:23]} Qg6 {[%emt 0:13:21]} 14. Qg4 {[%emt 0:05:59]} Qxg4 {[%emt 0:01:17]} 15. Nxg4 {[%emt 0:02:22]} Rf3 {[%emt 0:00:56]} 16. Be3 {[%emt 0:02:20]} Raf8 {[%emt 0:03:27]} 17. Kg2 {[%emt 0:06:04]} R3f7 {[%emt 0:11:25]} 18. Rad1 {[%emt 0:08:05]} Rd7 {[%emt 0:04:45]} 19. Bg5 {[%emt 0:07:22]} h6 {[%emt 0:00:32]} 20. Bc1 {[%emt 0:02:57]} Ra8 {[%emt 0:01:10]} 21. a3 {[%emt 0:00:11]} Na5 {[%emt 0:00:18]} 22. b4 {[%emt 0:02:14]} Nc6 {[%emt 0:00:45]} 23. Bb2 {[%emt 0:00:38]} Rdd8 {[%emt 0:04:24]} 24. d4 {[%emt 0:02:36]} exd4 {[%emt 0:01:01]} 25. cxd4 {[%emt 0:00:05]} d5 {[%emt 0:00:23]} 26. e5 {[%emt 0:01:40]} Ne7 {[%emt 0:06:56]} 27. Rd3 {[%emt 0:06:12]} b5 {[%emt 0:01:32]} 28. Rf3 {[%emt 0:06:14]} Nf5 {[%emt 0:09:09]} 29. Ne3 {[%emt 0:02:31]} g6 {[%emt 0:02:08]} 30. Nxf5 {[%emt 0:04:37]} gxf5 {[%emt 0:00:43]} 31. g4 {[%emt 0:00:47]} Ng7 {[%emt 0:00:13]} 32. Bc1 {[%emt 0:02:11]} Kh7 {[%emt 0:00:46]} 33. Rc3 {[%emt 0:01:11]} c6 {[%emt 0:00:27]} 34. f4 {[%emt 0:03:28]} Rh8 {[%emt 0:03:39]} 35. Rg3 {[%emt 0:00:50]} Rag8 {[%emt 0:03:50]} 36. Kf3 {[%emt 0:02:27]} fxg4+ {[%emt 0:07:43]} 37. hxg4 {[%emt 0:00:32]} h5 {[%emt 0:00:15]} 38. Rh1 {[%emt 0:00:59]} Kg6 {[%emt 0:06:23]} 39. f5+ {[%emt 0:06:19]} Kf7 {[%emt 0:03:34]} 40. fxe6+ {[%emt 0:00:26]} Nxe6 {[%emt 0:04:35]} 41. Rf1 {[%emt 0:06:13]} Ke7 {[%emt 0:14:22]} 42. Be3 {[%emt 0:01:43]} hxg4+ {[%emt 0:02:12]} 43. Kg2 {[%emt 0:04:44]} Rg6 {[%emt 0:00:55]} 44. Rh1 {[%emt 0:00:29]} Rxh1 {[%emt 0:00:34]} 45. Kxh1 {[%emt 0:00:06]} Ng7 {[%emt 0:00:10]} 46. Bg1 {[%emt 0:02:04]} Ke6 {[%emt 0:02:34]} 47. Kg2 {[%emt 0:00:18]} Kf5 {[%emt 0:01:26]} 48. Re3 {[%emt 0:00:52]} Kf4 {[%emt 0:00:20]} 49. Re1 {[%emt 0:00:16]} g3 {[%emt 0:06:35]} 50. Rf1+ {[%emt 0:00:31]} Ke4 {[%emt 0:00:14]} 51. Re1+ {[%emt 0:06:46]} Kf5 {[%emt 0:01:50]} 52. Rf1+ {[%emt 0:01:31]} Ke4 {[%emt 0:00:20]} 53. Re1+ {[%emt 0:01:30]} Kf5 {[%emt 0:00:06]} 54. Rf1+ {[%emt 0:00:32]} Ke6 {[%emt 0:00:07]} 55. Rf8 {[%emt 0:01:35]} Nf5 {[%emt 0:01:06]} 56. Re8+ {[%emt 0:01:05]} Kd7 {[%emt 0:01:06]} 57. Rh8 {[%emt 0:00:16]} Rg7 {[%emt 0:01:35]} 58. Rh3 {[%emt 0:01:14]} Ke6 {[%emt 0:00:11]} 59. Rh8 {[%emt 0:00:19]} Kf7 {[%emt 0:00:11]} 60. Ra8 {[%emt 0:01:07]} Kg6 {[%emt 0:03:40]} 61. a4 {[%emt 0:00:14]} bxa4 {[%emt 0:00:07]} 62. Rxa4 {[%emt 0:00:04]} Kg5 {[%emt 0:00:33]} 63. b5 {[%emt 0:00:30]} Kg4 {[%emt 0:00:06]} 64. b6 {[%emt 0:04:01]} Rf7 {[%emt 0:00:37]} 65. Kf1 {[%emt 0:00:59]} Ne3+ {[%emt 0:01:33]} 66. Ke2 {[%emt 0:00:37]} Nc4 {[%emt 0:00:07]} 67. Rb4 {[%emt 0:00:50]} Kh3 {[%emt 0:02:58]} 68. Rb1 {[%emt 0:00:55]} Rf4 {[%emt 0:00:42]} 69. Kd3 {[%emt 0:02:47]} Kg2 {[%emt 0:00:52]} 0-1

[Event "20th Prague Open 2022"]
[Site "Prague"]
[Date "2022.01.12"]
[Round "7.23"]
[White "Bouska, Jiri"]
[Black "Jordanov, Mihail"]
[Result "0-1"]
[WhiteElo "2071"]
[BlackElo "2193"]
[Annotator "ChessBase"]
[PlyCount "124"]
[EventDate "2022.01.07"]
[EventType "swiss"]
[EventCountry "CZE"]
[SourceTitle "playchess.com"]
[Source "ChessBase"]
[SourceQuality "1"]
[TimeControl "40/5400+30:1800+30"]

1. e4 {[%emt 0:00:02]} e5 {[%emt 0:00:11]} 2. Nf3 {[%emt 0:00:09]} Nc6 {[%emt 0:00:08]} 3. Bb5 {[%emt 0:00:07]} a6 {[%emt 0:00:06]} 4. Ba4 {[%emt 0:00:05]} Nf6 {[%emt 0:00:21]} 5. O-O {[%emt 0:00:09]} Be7 {[%emt 0:00:07]} 6. Re1 {[%emt 0:00:10]} b5 {[%emt 0:00:08]} 7. Bb3 {[%emt 0:00:04]} d6 {[%emt 0:00:07]} 8. c3 {[%emt 0:00:07]} O-O {[%emt 0:00:05]} 9. h3 {[%emt 0:00:04]} Na5 {[%emt 0:00:19]} 10. Bc2 {[%emt 0:00:36]} c5 {[%emt 0:00:06]} 11. d4 {[%emt 0:00:04]} Qc7 {[%emt 0:00:04]} 12. d5 {[%emt 0:00:07]} Bd7 {[%emt 0:01:09]} 13. b3 {[%emt 0:01:28]} Nb7 {[%emt 0:00:34]} 14. a4 {[%emt 0:07:21]} bxa4 {[%emt 0:06:31]} 15. bxa4 {[%emt 0:00:15]} c4 {[%emt 0:00:20]} 16. Ba3 {[%emt 0:02:19]} Rfe8 {[%emt 0:03:13]} 17. Nbd2 {[%emt 0:02:26]} Bf8 {[%emt 0:09:10]} 18. Qe2 {[%emt 0:01:25]} Rec8 {[%emt 0:00:33]} 19. Reb1 {[%emt 0:09:10]} Nh5 {[%emt 0:15:16]} 20. Qxc4 {[%emt 0:12:00]} Qd8 {[%emt 0:07:17]} 21. Qf1 {[%emt 0:10:06]} Rxc3 {[%emt 0:02:00]} 22. Bd1 {[%emt 0:01:36]} Ra7 {[%emt 0:08:33]} 23. Bb4 {[%emt 0:01:46]} Rc8 {[%emt 0:01:16]} 24. Nxe5 {[%emt 0:01:48]} dxe5 {[%emt 0:00:25]} 25. Bxh5 {[%emt 0:00:51]} Bxb4 {[%emt 0:06:06]} 26. Rxb4 {[%emt 0:01:20]} Qg5 {[%emt 0:00:58]} 27. Qe2 {[%emt 0:03:02]} Bxh3 {[%emt 0:08:08]} 28. Bxf7+ {[%emt 0:02:17]} Kf8 {[%emt 0:04:59]} 29. f4 {[%emt 0:09:37]} exf4 {[%emt 0:03:19]} 30. Nf3 {[%emt 0:09:03]} Qe7 {[%emt 0:06:33]} 31. Rab1 {[%emt 0:02:11]} Bxg2 {[%emt 0:05:09]} 32. Qxg2 {[%emt 0:03:46]} Kxf7 {[%emt 0:00:24]} 33. e5 {[%emt 0:11:17]} Kg8 {[%emt 0:03:16]} 34. d6 {[%emt 0:00:51]} Nxd6 {[%emt 0:00:30]} 35. exd6 {[%emt 0:00:11]} Qxd6 {[%emt 0:00:04]} 36. Rd4 {[%emt 0:01:16]} Qf6 {[%emt 0:01:13]} 37. Rbd1 {[%emt 0:02:20]} Rac7 {[%emt 0:03:22]} 38. Rd6 {[%emt 0:01:29]} Qe7 {[%emt 0:00:13]} 39. Qa2+ {[%emt 0:00:57]} Kf8 {[%emt 0:02:04]} 40. Nd4 {[%emt 0:02:53]} Qe3+ {[%emt 0:02:03]} 41. Qf2 {[%emt 0:30:45]} Rc1 {[%emt 0:10:51]} 42. Ne2 {[%emt 0:00:00]} Rxd1+ {[%emt 0:00:36]} 43. Rxd1 {[%emt 0:00:00]} Qxf2+ {[%emt 0:00:27]} 44. Kxf2 {[%emt 0:00:00]} Rc4 {[%emt 0:00:09]} 45. a5 {[%emt 0:00:00]} Rc5 {[%emt 0:02:21]} 46. Ra1 {[%emt 0:00:00]} g5 {[%emt 0:01:49]} 47. Ra2 {[%emt 0:00:00]} Kf7 {[%emt 0:07:41]} 48. Nd4 {[%emt 0:00:00]} Kf6 {[%emt 0:00:45]} 49. Nc2 {[%emt 0:00:00]} Rb5 {[%emt 0:01:37]} 50. Nd4 {[%emt 0:00:00]} Rc5 {[%emt 0:02:51]} 51. Nc2 {[%emt 0:00:00]} Rc4 {[%emt 0:02:19]} 52. Ke2 {[%emt 0:00:00]} Kf5 {[%emt 0:00:50]} 53. Kd3 {[%emt 0:00:00]} Rc7 {[%emt 0:00:44]} 54. Nb4 {[%emt 0:00:00]} Rd7+ {[%emt 0:00:08]} 55. Ke2 {[%emt 0:00:00]} Re7+ {[%emt 0:01:29]} 56. Kf2 {[%emt 0:00:55]} g4 {[%emt 0:00:41]} 57. Nxa6 {[%emt 0:01:03]} g3+ {[%emt 0:00:04]} 58. Kg2 {[%emt 0:06:25]} Kg4 {[%emt 0:00:41]} 59. Ra4 {[%emt 0:00:46]} Re2+ {[%emt 0:01:35]} 60. Kf1 {[%emt 0:00:12]} Rc2 {[%emt 0:02:48]} 61. Nb4 {[%emt 0:00:24]} Rc1+ {[%emt 0:00:15]} 62. Ke2 {[%emt 0:00:14]} g2 {[%emt 0:00:30]} 0-1

[Event "20th Prague Open 2022"]
[Site "Prague"]
[Date "2022.01.12"]
[Round "7.24"]
[White "Kudrytskyi, Stanislav"]
[Black "Van Foreest, Machteld"]
[Result "1-0"]
[WhiteElo "2057"]
[BlackElo "2189"]
[Annotator "RC"]
[PlyCount "81"]
[EventDate "2022.01.07"]
[EventType "swiss"]
[EventCountry "CZE"]
[SourceTitle "playchess.com"]
[Source "ChessBase"]
[SourceQuality "1"]
[TimeControl "40/5400+30:1800+30"]

1. d4 {[%emt 0:00:03]} Nf6 {[%emt 0:09:41]} 2. c4 {[%emt 0:00:09]} a6 {[%emt 0:00:07]} 3. g3 {[%emt 0:00:12]} c5 {[%emt 0:00:09]} 4. Nf3 {[%emt 0:01:45]} cxd4 {[%emt 0:00:40]} 5. Nxd4 {[%emt 0:00:11]} d6 {[%emt 0:02:27]} 6. Bg2 {[%emt 0:00:11]} Qc7 {[%emt 0:02:25]} 7. b3 {[%emt 0:03:58]} g6 {[%emt 0:01:30]} 8. O-O {[%emt 0:00:34]} Bg7 {[%emt 0:00:28]} 9. Bb2 {[%emt 0:00:18]} O-O {[%emt 0:00:32]} 10. Nc3 {[%emt 0:00:15]} e6 {[%emt 0:09:24]} 11. Rc1 {[%emt 0:01:29]} Rd8 {[%emt 0:05:19]} 12. e4 {[%emt 0:04:35]} Bd7 {[%emt 0:03:49]} 13. f4 {[%emt 0:04:33]} Nc6 {[%emt 0:10:16]} 14. Nc2 {[%emt 0:00:27]} Be8 {[%emt 0:04:08]} 15. Kh1 {[%emt 0:02:24]} Rab8 {[%emt 0:04:32]} 16. Qe2 {[%emt 0:02:10]} Qa5 {[%emt 0:01:21]} 17. a3 {[%emt 0:04:05]} Qc7 {[%emt 0:05:57]} 18. b4 {[%emt 0:01:22]} Rbc8 {[%emt 0:01:19]} 19. Rfd1 {[%emt 0:02:27]} Ne7 {[%emt 0:04:30]} 20. Ne3 {[%emt 0:00:21]} b6 {[%emt 0:00:44]} 21. g4 {[%emt 0:08:34]} Bc6 {[%emt 0:03:54]} 22. Qf2 {[%emt 0:17:20]} Qb7 {[%emt 0:06:52]} 23. f5 {[%emt 0:10:59]} h6 {[%emt 0:10:31]} 24. fxe6 {[%emt 0:04:44]} fxe6 {[%emt 0:00:20]} 25. Ncd5 {[%emt 0:04:01]} exd5 {[%emt 0:00:58]} 26. Bxf6 {[%emt 0:02:18]} Rf8 {[%emt 0:01:17]} 27. cxd5 {[%emt 0:02:57]} Ba4 {[%emt 0:02:55]} 28. e5 {[%emt 0:00:48]} Bxd1 {[%emt 0:00:37]} 29. Rxd1 {[%emt 0:00:05]} Qa7 {[%emt 0:04:11]} 30. Qb2 {[%emt 0:00:25]} dxe5 {[%emt 0:00:31]} 31. Bxg7 {[%emt 0:00:21]} Kxg7 {[%emt 0:00:03]} 32. Qxe5+ {[%emt 0:00:19]} Kh7 {[%emt 0:01:06]} 33. d6 {[%emt 0:01:49]} Ng8 {[%emt 0:00:09]} 34. d7 {[%emt 0:05:36]} Rcd8 {[%emt 0:00:03]} 35. Bc6 {[%emt 0:00:33]} b5 {[%emt 0:03:16]} 36. Rd6 {[%emt 0:03:00]} Qb8 {[%emt 0:00:45]} 37. g5 {[%emt 0:08:29]} hxg5 {[%emt 0:00:43]} 38. Ng4 {[%emt 0:00:42]} Qb6 {[%emt 0:00:42]} 39. Kg2 {[%emt 0:00:57]} Rf4 {[%emt 0:00:51]} 40. Qxg5 {[%emt 0:00:55]} Kh8 {[%emt 0:00:48]} 41. Qxf4 {[%emt 0:30:13]} 1-0

[Event "20th Prague Open 2022"]
[Site "Prague"]
[Date "2022.01.14"]
[Round "9.1"]
[White "Kozak, Antoni"]
[Black "Urkedal, Frode Olav Olsen"]
[Result "1/2-1/2"]
[WhiteElo "2356"]
[BlackElo "2553"]
[Annotator "TA"]
[PlyCount "131"]
[EventDate "2022.01.07"]
[EventType "swiss"]
[EventCountry "CZE"]
[SourceTitle "playchess.com"]
[Source "ChessBase"]
[SourceQuality "1"]

{[%evp 9,131,9,17,8,7,7,6,10,13,0,0,0,0,0,0,0,0,0,0,0,0,0,0,-8,-12,-9,-7,-11,-7,-13,-8,-15,0,0,0,0,0,0,0,-8,0,0,0,0,0,0,143,0,0,-52,-52,-66,-66,-81,-81,-81,-72,-81,-74,-74,-74,-81,-81,-81,-81,-81,-61,-61,-61,-61,-61,-61,-61,-68,0,-61,-61,-61,-61,-61,-61,-61,-61,-61,-61,-61,-61,-61,-61,-266,-237,-229,0,0,0,0,0,0,0,0,0,0,0,0,0,0,0,0,0,0,0,0,0,0,0,0,0,0,0,0,0,0,0,0]} 1. Nf3 d5 2. e3 Nf6 3. c4 e6 4. b3 b6 5. Bb2 Bb7 6. d4 {A13: English Opening: 1...e6.} Be7 7. cxd5 Nxd5 8. Bb5+ c6 {[#]} 9. Bd3 $146 ({Predecessor:} 9. Be2 Nd7 10. O-O O-O 11. Nbd2 c5 12. Rc1 Rc8 13. a3 cxd4 14. Bxd4 Rxc1 15. Qxc1 {½-½ (28) Sipilae,V-Semmler,R (2386) ICCF email 2020}) 9... O-O 10. O-O Nd7 11. Nc3 Nxc3 12. Bxc3 c5 13. Rc1 Rc8 14. Qe2 cxd4 15. Bxd4 Bf6 {[#] And now ...Rxc1 would win.} 16. Ba6 Rxc1 17. Rxc1 Bxf3 18. Qxf3 Bxd4 19. exd4 Nf6 {[%cal Bd7f6,Bf6d5,Bd5e7,Be7f5][%mdl 32]} 20. Rc4 Nd5 21. Bb7 Ne7 22. Qf4 Nf5 23. Ba6 b5 24. Rc8 Qa5 $40 {[%cal Ra5e1][%mdl 128] [#] White needs to defend precisely.} (24... Qb6 $5 25. Qc7 Nxd4 $11) 25. Rxf8+ Kxf8 {[%cal Ra5e1]} 26. Qb8+ Ke7 {[%cal Ra5e1,Bf8e7,Be7f6,Bf6g6,Bg6h6,Bh6h7,Bh7g7][%mdl 32]} 27. Bxb5 Qxa2 (27... Nxd4 $11 28. Bf1 h6) 28. d5 (28. Qc7+ $16 Kf6 29. Qd8+ Kg6 30. g4 Qb1+ 31. Bf1) 28... Qxb3 $11 {aiming for ...Qb1+.} 29. Qxa7+ (29. d6+ $1 $11 Nxd6 30. Qxa7+ Kf6 31. Qd4+ Ke7 32. Qa7+ Kf6 33. Qd4+ Ke7 34. Qa7+) 29... Kf6 $15 30. Qa1+ Kg6 31. Ba4 Qxd5 32. Bc2 h5 33. h4 Kh6 34. Qc1+ Kh7 35. g3 g6 36. Bxf5 Qxf5 $17 {[%mdl 4096] Endgame KQ-KQ} 37. Qc3 e5 38. Kg2 Qe4+ 39. Kg1 Kg7 40. Qc7 Qf5 41. Qc3 Qe4 42. Qc7 $1 Qd5 {Prevents Qc5.} 43. Qe7 Qd1+ 44. Kg2 Qe2 45. Qd6 Qe4+ 46. Kg1 Qd4 47. Qe7 Qd5 48. Kh2 Qe6 49. Qxe6 ({White should play} 49. Qc7 $15) 49... fxe6 $15 {KP-KP} 50. Kg2 Kf6 $2 ({Black should try} 50... e4 $19 {White must now prevent ...Kf6.} 51. Kf1 Kf6) 51. Kf3 $11 {The position is equal.} Kf5 (51... g5 $5 52. Ke4 g4 $11) 52. Ke3 g5 (52... Kg4 $5 53. Ke4 Kh3 54. Kxe5 Kg2 $11) 53. hxg5 Kxg5 {K3P-KPP} 54. f3 Kg6 (54... Kf5 $5) 55. Ke4 Kf6 56. Ke3 Ke7 (56... Kf5 $5) 57. Kd3 Kd7 58. Ke4 Kd6 59. Kd3 Ke7 (59... Kd5 $5 60. Ke3 Kc6 $11) 60. Ke4 Kf6 61. Ke3 Kf5 62. g4+ $1 hxg4 63. fxg4+ Kxg4 64. Ke4 Kg5 {( -> ...Kf6)} 65. Kxe5 Kg6 66. Kxe6 {Weighted Error Value: White=0.14 (very precise) /Black=0.13 (very precise)} 1/2-1/2